Statistics for Snoop Dogg Charting Songs (Billboard Hot 100)

Click here to take the quiz!

General Stats

  • This quiz has been taken 45 times
    (17 since last reset)
  • The average score is 15 of 45

Answer Stats

AlbumWeeks OnPeakArtist(s)Song% Correct
R&G (Rhythm & Gangsta): The Masterpiece30 Weeks#1 (3 Weeks)Snoop Dogg ft. PharrellDrop It Like It's Hot
87%
Mac & Devin Go to High School32 Weeks#7Snoop Dogg & Wiz Khalifa ft. Bruno MarsYoung, Wild & Free
80%
Teenage Dream27 Weeks#1 (6 Weeks)Katy Perry ft. Snoop DoggCalifornia Gurls
73%
Doggystyle20 Weeks#8Snoop Doggy DoggGin and Juice
73%
20018 Weeks#23Dr Dre ft. Snoop DoggStill D.R.E.
73%
200121 Weeks#23Dr Dre ft. Snoop DoggThe Next Episode
73%
Paid tha Cost to Be da Boss20 Weeks#6Snoop Dogg ft. Pharrell & Uncle Charlie WilsonBeautiful
67%
Talk Dirty21 Weeks#5Jason Derulo ft. Snoop DoggWiggle
67%
Victory24 Weeks#24DJ Khaled ft. T-Pain, Ludacris, Snoop Dogg & Rick RossAll I Do Is Win
60%
PCD30 Weeks#3The Pussycat Dolls ft. Snoop DoggButtons
53%
Konvicted29 Weeks#1 (2 Weeks)Akon ft. Snoop DoggI Wanna Love You
53%
Non-Album Single17 Weeks#34Dr Dre ft. Snoop Dogg & AkonKush
47%
R&G (Rhythm & Gangsta): The Masterpiece11 Weeks#54Snoop DoggLet's Get Blown
47%
Tha Blue Carpet Treatment16 Weeks#20Snoop Dogg ft. R. KellyThat's That
47%
Jackpot21 Weeks#3Chingy ft. Ludacris & Snoop DoggHolidae In
40%
Tha Last Meal19 Weeks#50Snoop Dogg ft. Master P, Nate Dogg, Butch Cassidy & The EastsidazLay Low
40%
Doggystyle17 Weeks#8Snoop DoggWhat's My Name?
40%
Non-Album Single5 Weeks#10benny blanco, BTS & Snoop DoggBad Decisions
33%
Doggumentary4 Weeks#76Snoop Dogg ft. T-PainBoom
33%
No Limit Top Dogg9 Weeks#77Snoop Dogg ft. Xzibit & Nate DoggB-Please / Bitch Please
33%
Non-Album Single1 Week#26PSY ft. Snoop DoggHangover
33%
Non-Album Single19 Weeks#56Lil Duval ft. Snoop Dogg & Ball GreezySmile (Living My Best Life)
33%
Tha Last Meal5 Weeks#77Snoop DoggSnoop Dogg
33%
Malice n Wonderland19 Weeks#35Snoop Dogg ft. The-DreamGangsta Luv
27%
Tha Eastsidaz and 3 Strikes14 Weeks#47Snoop Dogg presents The EastsidazG'd Up
27%
R&G (Rhythm & Gangsta): The Masterpiece14 Weeks#46Snoop Dogg ft. Charlie Wilson & Justin TimberlakeSigns
27%
Blacc Hollywood10 Weeks#82Wiz Khalifa ft. Snoop Dogg & Ty Dolla $ignYou and Your Friends
27%
Non-Album Single1 Week#72Eminem & Snoop DoggFrom the D 2 the LBC
20%
To Pimp a Butterfly1 Week#99Kendrick Lamar ft. Bilal, Anna Wise & Snoop DoggInstitutionalized
20%
The Emancipation of Mimi5 Weeks#79Mariah Carey ft. Snoop DoggSay Somethin'
20%
Ego Trippin'20 Weeks#7Snoop DoggSensual Seduction
20%
Da Game is to Be Sold, Not to Be Told13 Weeks#19Snoop DoggStill a G Thang
20%
Chixtape 51 Week#87Tory Lanez ft. Snoop DoggBeauty in the Benz
13%
Still in the Game15 Weeks#12Keith Sweat ft. Snoop DoggCome and Get with Me
13%
Rainbow7 Weeks#28Mariah Carey ft. Snoop DoggCrybaby
13%
Baby Boy4 Weeks#90Snoop Dogg ft. Tyrese & Mr. TanJust a Baby Boy
13%
G-Funk Classics, Vol. 1 & 219 Weeks#33Nate Dogg ft. Snoop Doggy DoggNever Leave Me Alone
13%
Double Vision10 Weeks#43Prince Royce ft. Snoop DoggStuck on a Feeling
13%
Tha Carter V1 Week#39Lil Wayne ft. Snoop DoggDope Niggaz
7%
Dr. Dolittle 216 Weeks#84R.L., Snoop Dogg & Lil' KimDo U Wanna Roll (Dolittle Theme)
7%
Paid tha Cost to Be da Boss10 Weeks#77Snoop DoggFrom tha Chuuuch to da Palace
7%
Malice n Wonderland15 Weeks#41Snoop DoggI Wanna Rock
7%
Just Re'd Up1 Week#100YG ft. Tyga, Snoop Dogg & Nipsey HussleSnitches Ain't...
7%
Da Game Is to Be Sold, Not to Be Told12 Weeks#62Snoop Dogg ft. Mystikal & FiendWoof
7%
Tha Eastsidaz2 Weeks#99Snoop Dogg presents The Eastsidaz ft. Jayo Felony & BlaqthovenGot Beef
0%

Score Distribution

Percentile by Number Answered

Percent of People with Each Score

Your Score History

You have not taken this quiz since the last reset